| 000 | 01864cam a22004694i 4500 | ||
|---|---|---|---|
| 003 | PE-LiUPU | ||
| 005 | 20250731172908.0 | ||
| 008 | 170418s2016 xxua r 000 0 spa d | ||
| 020 | _a9781944141110 | ||
| 035 | _a(Sirsi) a167423 | ||
| 040 |
_aPE-LiUPU _bspa _cPE-LiUPU _erda |
||
| 049 | _aPRUA | ||
| 082 | 0 | 4 |
_a262 _bM84 |
| 100 | 1 |
_aMontalvo Apolín, Danitza Elfi, _eautor. |
|
| 245 | 1 | 0 |
_aDescubre tu rol personal : _bUn rol exahustivo de la mujer en la iglesia / _cDanitza Elfi Montalvo Apolín. |
| 250 | _aPrimera edicón. | ||
| 264 |
_aUSA : _bbook printers of Utah, _c2016. |
||
| 300 |
_a120 páginas : _bilustraciones ; _c22 centímetros |
||
| 336 |
_atext _2rdacontent |
||
| 337 |
_aunmediated _2rdamedia |
||
| 338 |
_avolume _2rdacarrier |
||
| 505 | 0 | _aPrólogo -- Intorducción -- Evocando la naturaleza de la mujer -- Explorando el rol personal de las mujeres de la biblia -- Comprendiendo el proceso del estudio -- Descubriendo los roles personales -- Describiendo los roles personales -- Argumentando y recomendando. | |
| 504 | _aBibliografía : páginas 117-120. | ||
| 526 | _aSEG42 | ||
| 526 | _aSEG41 | ||
| 526 | _aSEG40 | ||
| 526 | _aSEG39 | ||
| 526 | _aP94 | ||
| 526 | _aP87 | ||
| 526 | _aP86 | ||
| 526 | _aP85 | ||
| 526 | _aP77 | ||
| 526 | _aP76 | ||
| 526 | _aP35 | ||
| 650 | 0 | 4 | _aMujeres. |
| 650 | 0 | 4 | _aRol personal. |
| 596 | _a1 | ||
| 942 |
_2ddc _cBOOK |
||
| 999 |
_a262 M84 _wDEWEY _c16168 _i75699 _d16168 _f2021-11-10 _g4 _lCCODEBUL1 _mBUL _p5.00 _r0 _sY _tBOOK _u2017-4-18 _xTEOLOGIA _PP35 _0DONACION _o.STAFF. Colección Teología |
||
| 999 |
_a262 M84 _wDEWEY _c2 _i75700 _d2019-9-17 _f2021-11-10 _g4 _lCCODEBUL1 _mBUL _p5.00 _q1 _r0 _sY _tBOOK _u2017-4-18 _xTEOLOGIA _PP35 _0DONACION _o.STAFF. Colección Teología |
||
| 980 |
_81 _gALBERTO SANCHEZ Responsable de Automatización |
||